000 00445nam a22001817a 4500
003 MPLRDC
005 20220104114147.0
008 210129b ||||| |||| 00| 0 eng d
020 _a7-5395-0351-3
082 _a831.4 DJ
100 _a董芹选编
245 _a唐诗画册
_c林容生绘画
250 _a一版三刷
260 _a
_b福建少年儿童出版社
_c1992
300 _b
650 _a唐诗总集
942 _cBK
_o831.4 DJ
999 _c5292
_d5282